MARC

Tag First Indicator Second Indicator Subfields
LEADER 00000cam a2200000 i 4500
001 in00000052299
005 20151007070054.0
008 800311s1979 dcu b f00000 eng
010 |a  79067843  
020 |z 0390030072 :  |c $5.60 
035 |a (OCoLC)05957887 
035 |9 AAE3281AM 
040 |a DLC  |c DLC  |d TXA  |d UtOrBLW 
049 |a TXAM  |c [1160214] 
050 0 0 |a TE153  |b .N3582 1979 
082 0 |a 625.7 
110 2 |a National Research Council (U.S.).  |b Transportation Research Board. 
245 1 0 |a Quality assurance :  |b research /  |c sponsored by the American Association of State Highway and Transportation Officials in cooperation with the Federal Highway Administration. 
264 1 |a Washington, D.C. :  |b Transportation Research Board, National Research Council,  |c 1979. 
300 |a 42 pages ;  |c 28 cm. 
336 |a text  |b txt  |2 rdacontent 
337 |a unmediated  |b n  |2 rdamedia 
338 |a volume  |b nc  |2 rdacarrier 
490 1 |a Synthesis of highway practice,  |x 0547-5570 ;  |v 65 
504 |a Bibliography: page 31. 
650 0 |a Roads  |x Design and construction  |x Quality control. 
650 0 |a Road materials  |x Testing. 
710 2 |a American Association of State Highway and Transportation Officials. 
710 1 |a United States.  |b Federal Highway Administration. 
830 0 |a Synthesis of highway practice ;  |v 65. 
999 |a MARS 
999 f f |s 5eb2970c-f04c-3f47-943c-93083fbc7c13  |i af922127-096b-3615-a280-1f61272d6ef5  |t 0 
952 f f |p ric  |a Texas A&M University  |b Rellis Campus  |c Joint Library Facility  |d Remote Storage  |t 0  |e TE153 .N3582 1979  |h Library of Congress classification  |i unmediated -- volume  |m A14805386979 
998 f f |a TE153 .N3582 1979  |t 0  |l Remote Storage